000 00816nam a2200229 i 4500
001 146690
003 ES-MaACL
005 20230906201632.0
007 t|
008 070914s1982 mx ||||1| spa d
020 _a84-85240-26-X
100 1 _aTremblay, Jean-Paul.
_9111301
245 1 0 _aIntroducción a la ciencia de las computadoras
_b: enfoque algorítmico /
_cJean-Paul Tremblay, Richard B. Bunt ; traducción Caupolicán Muñoz Gamboa ; revisión técnica de José R. Cen Zubierta.
260 _aMexico [etc.] :
_bMcGraw-Hill,
_c1982.
300 _a486 p. ;
_c24 cm.
650 0 4 _aOrdenadores.
_915740
700 1 _aBunt, Richard B.
_932556
700 1 _aMuñoz Gamboa, Caupolicán.
_984420
700 1 _aCen Zubieta, José R.
_9221220
852 _aES-MaACL
_jL-8937
_bR.108541
999 _c146690
_d146690